Gaming Quiz

Random Gaming or Song Quiz

Ocarina of Time Songs Quiz Stats

 Plays Quiz Updated Apr 9, 2014

Support Sporcle.
Go Orange.
Score 0/13 Timer 07:00
2 Plays Today
Notes Song % Correct
← ↑ → ← ↑ →Zelda's Lullaby
91.8%
↑ ← → ↑ ← →Epona's Song
81.7%
↓ → ← ↓ → ←Saria's Song
80.7%
→ A ↓ → A ↓Song of Time
79.1%
A ↓ ↑ A ↓ ↑Song of Storms
78.8%
→ ↓ ↑ → ↓ ↑Sun's Song
73.3%
↓ A ↓ A → ↓ → ↓Bolero of Fire
70.1%
Player's ChoiceScarecrow's Song
67.3%
A ↑ ← → ← →Minuet of Forest
60.2%
A ↓ → → ←Serenade of Water
56.1%
← → → A ← → ↓Nocturne of Shadow
53.9%
↑ → ↑ → ← ↑Prelude of Light
52.5%
A ↓ A → ↓ ARequiem of Spirit
50%

From the Vault

Borderless Countries

by Caius

In these countries, going across the border pretty much means jumping in the ocean.
Remove Ads.
Support Sporcle.
Get the best of Sporcle when you Go Orange. This ad-free experience offers more features, more stats, and more fun while also helping to support Sporcle. Thank you for becoming a member.

Show Comments

Extras

Top Quizzes Today


Score Distribution

Your Account Isn't Verified!

In order to create a playlist on Sporcle, you need to verify the email address you used during registration. Go to your Sporcle Settings to finish the process.

Report this User

Report this user for behavior that violates our Community Guidelines.

Details: